Statistics for Every NCAA Division I School in Pennsylvania

Click here to take the quiz!

General Stats

  • This quiz has been taken 43 times
  • The average score is 8 of 14

Answer Stats

AnswerConference% Correct
PennIvy League
100%
Penn StateBig Ten
100%
PittsburghACC
97%
TempleAmerican
78%
VillanovaBig East
63%
BucknellPatriot League
56%
LehighPatriot League
53%
DuquesneAtlantic 10
47%
St. Joseph'sAtlantic 10
41%
DrexelCAA
38%
LafayettePatriot League
38%
Robert MorrisHorizon
25%
La SalleAtlantic 10
22%
St. FrancisNortheast
19%

Score Distribution

Percentile by Number Answered

Percent of People with Each Score

Your Score History

You have not taken this quiz